Managerial statistics / (Record no. 16144)

MARC details
000 -LEADER
fixed length control field 00994nam a22002655a 4500
008 - FIXED-LENGTH DATA ELEMENTS--GENERAL INFORMATION
fixed length control field 080910t2012 at a frb 001 0 eng d
020 ## - INTERNATIONAL STANDARD BOOK NUMBER
International Standard Book Number 1111534632
020 ## - INTERNATIONAL STANDARD BOOK NUMBER
International Standard Book Number 9781111534639
040 ## - CATALOGING SOURCE
Original cataloging agency EG-ScBUE
Language of cataloging eng
Transcribing agency EG-ScBUE
Modifying agency EG-ScBUE
082 04 - DEWEY DECIMAL CLASSIFICATION NUMBER
Classification number 658.4033
Item number KEL
Edition number 22
100 1# - MAIN ENTRY--PERSONAL NAME
Personal name Keller, Gerald.
9 (RLIN) 434
245 10 - TITLE STATEMENT
Title Managerial statistics /
Statement of responsibility, etc Gerald Keller.
250 ## - EDITION STATEMENT
Edition statement 9th ed., International ed.
260 ## - PUBLICATION, DISTRIBUTION, ETC. (IMPRINT)
Place of publication, distribution, etc [Canberra] :
Name of publisher, distributor, etc South-Weatern / Cengage Learning,
Date of publication, distribution, etc c.2012.
300 ## - PHYSICAL DESCRIPTION
Extent 1 v. (various pagings) :
Other physical details ill. (col.) ;
Dimensions 28 cm.
500 ## - GENERAL NOTE
General note Includes appendix.
500 ## - GENERAL NOTE
General note To access your essential textbook resources, please visit : login.cengagebrain.com
504 ## - BIBLIOGRAPHY, ETC. NOTE
Bibliography, etc Include bibliographical references and indexes.
541 ## - IMMEDIATE SOURCE OF ACQUISITION NOTE
Source of acquisition Mr. El Saed kamal ;
650 #7 - SUBJECT ADDED ENTRY--TOPICAL TERM
Topical term or geographic name as entry element Management
General subdivision Statistical methods.
Source of heading or term BUEsh
9 (RLIN) 436
650 #7 - SUBJECT ADDED ENTRY--TOPICAL TERM
Topical term or geographic name as entry element Economics
General subdivision Statistical methods.
Source of heading or term BUEsh
9 (RLIN) 3258
651 ## - SUBJECT ADDED ENTRY--GEOGRAPHIC NAME
Source of heading or term BUEsh
653 ## - INDEX TERM--UNCONTROLLED
Resource For college BAEPS, Business Administration
Arrived date list August2015
-- November2017
942 ## - ADDED ENTRY ELEMENTS (KOHA)
Source of classification or shelving scheme Dewey Decimal Classification
Holdings
Withdrawn status Item status Source of classification or shelving scheme Damaged status Not for loan Vendor Home library Current library Shelving location Date acquired Source of acquisition Total Checkouts Total Renewals Full call number Barcode Checked out Date last seen Date last borrowed Koha item type Materials specified (bound volume or other part) Cost, normal purchase price Cost, replacement price
    Dewey Decimal Classification     Baccah Central Library Central Library First floor 12/10/2011 Purchase 2 2 658.4033 KEL 000025410 15/10/2015 24/01/2012 24/01/2012 NB - Book (Non borrowing)      
  Lost Dewey Decimal Classification     Baccah Central Library Central Library First floor 12/10/2011 Purchase 21 44 658.4033 KEL 000025411   01/04/2018 18/07/2016 Book - Borrowing Lost In Inventory_2018-08-12    
  Lost & Replaced Dewey Decimal Classification     Baccah Central Library Central Library First floor 12/10/2011 Purchase 8 31 658.4033 KEL 000025412   07/03/2016 24/06/2013 Book - Borrowing      
  Lost & Replaced Dewey Decimal Classification     Baccah Central Library Central Library First floor 12/10/2011 Purchase 5 6 658.4033 KEL 000025413   19/02/2013 04/12/2012 Book - Borrowing      
    Dewey Decimal Classification       Central Library Central Library First floor 30/10/2011 Purchase 28 56 658.4033 KEL 000025485   15/07/2025 20/02/2019 Book - Borrowing      
    Dewey Decimal Classification     Baccah Central Library Central Library First floor 23/01/2014 Purchase 27 71 658.4033 KEL 000035452   15/07/2025 14/02/2019 Book - Borrowing      
    Dewey Decimal Classification     Baccah Central Library Central Library First floor 23/01/2014 Purchase 8 19 658.4033 KEL 000035453   15/07/2025 24/02/2019 Book - Borrowing      
  Lost Dewey Decimal Classification     Baccah Central Library Central Library First floor 23/01/2014 Purchase 8 5 658.4033 KEL 000035454 23/02/2015 16/02/2015 16/02/2015 Book - Borrowing      
    Dewey Decimal Classification     Baccah Central Library Central Library First floor 23/01/2014 Purchase 6 24 658.4033 KEL 000035455   15/07/2025 06/05/2015 NB - Book (Non borrowing)      
    Dewey Decimal Classification     Baccah Central Library Central Library First floor 23/01/2014 Purchase 20 35 658.4033 KEL 000035456   15/07/2025 18/02/2019 Book - Borrowing      
    Dewey Decimal Classification     Baccah Central Library Central Library First floor 26/11/2014 Purchase 12 14 658.4033 KEL 000029766   15/07/2025 01/08/2016 Book - Borrowing   260.00 325.00
    Dewey Decimal Classification       Central Library Central Library First floor 07/03/2016 Exchange 19 29 658.4033 KEL 000031889   15/07/2025 08/08/2019 Book - Borrowing      
    Dewey Decimal Classification     Baccah Central Library Central Library First floor 09/11/2017 Purchase 5 17 658.4033 KEL 000042435   15/07/2025 17/02/2019 Book - Borrowing      
    Dewey Decimal Classification       Central Library Central Library First floor 05/02/2018   2 10 658.4033 KEL 000042743   15/07/2025 17/07/2019 Book - Borrowing      
    Dewey Decimal Classification       Central Library Central Library First floor 14/03/2018   2 8 658.4033 KEL 000047398   15/07/2025 12/02/2019 Book - Borrowing   500.00 625.00